Statistics for Noah Jupe Filmography

Click here to take the quiz!

General Stats

  • This quiz has been taken 31 times
    (3 since last reset)
  • The average score is 6 of 28

Answer Stats

TypeYearName% Correct
Film2018A Quiet Place
100%
Film2020A Quiet Place: Part II
100%
Film2019Ford v Ferrari
100%
Film2019Honey Boy
67%
Film2022Dreamin' Wild
33%
Web SeriesTBAFranklin
33%
Film2021No Sudden Move
33%
Film2017Suburbicon
33%
Film2023The Magician's Elephant
33%
TV Mini-Series2020The Undoing
33%
Film2017Wonder
33%
Film2025A Quiet Place III
0%
TV Film2015A Song for Jenny
0%
TV Show2015Downton Abbey
0%
Music Video2019From Chaos to Harmony
0%
Film2018Holmes & Watson
0%
TV Mini-Series2016Houdini & Doyle
0%
TV Mini-SeriesTBALady in the Lake
0%
FilmTBAMorning
0%
Short Film2017My Pretty Pony
0%
TV Show2015Penny Dreadful
0%
Film2017That Good Night
0%
TV Film2016The Last Dragonslayer
0%
FilmTBAThe Lost Boys
0%
Film2017The Man with the Iron Heart
0%
TV Mini-Series2016The Night Manager
0%
TV Show2021The South Bank Show
0%
Film2018The Titan
0%

Score Distribution

Percentile by Number Answered

Percent of People with Each Score

Your Score History

You have not taken this quiz since the last reset